Millitärische Einheiten des Heeres - Statistiken

Allgemein
  • Dieses Quiz wurde 53 mal gespielt
  • Das Durchschnittsergebnis liegt bei 4 aus 8
Antwortstatistiken
Hint Antwort % Korrekt
2-4 Soldat*innen Trupp
79%
4-15 Soldat*innen Gruppe
71%
60 - 150 Soldat*innen Kompanie
71%
bis zu 40 Soldat*innen Zug
61%
bis zu 25.000 Soldat*innen Division
55%
bis zu 6.000 Soldat*innen Brigade
45%
bis zu 4.800 Soldat*innen Regiment
34%
bis zu 1.200 Soldat*innen Bataillon
32%
Keine übereinstimmenden Quizze gefunden
Verteilung der Resultate
Anzahl Personen mit jedem Resultat
Perzentil nach korrekt beantworteten Fragen
Ihre Resultats-Entwicklung
Sie haben dieses Quiz noch nicht gespielt